| 000 | 00948nam a2200253 a 4500 | ||
|---|---|---|---|
| 001 | BRCA_1226 | ||
| 005 | 20190320203332.0 | ||
| 008 | 030408c2001----sp-a---###---#000-0#eng-# | ||
| 020 | _a8484322696 | ||
| 050 | 4 |
_aH61 _b.B87 2001 |
|
| 100 | 1 |
_aBurke, Peter _94016 |
|
| 245 | 1 | 0 |
_aVisto y no visto _bel uso de la imagen como documento histórico _cPeter Burke ; traducción de Teófilo de Lozoya. |
| 260 |
_aBarcelona _bCrítica _c2001 |
||
| 300 |
_a285 p. _bil. _c23 cm. |
||
| 440 | 0 |
_aCrítica letras de humanidad _94017 |
|
| 500 | _aIncluye índice de ilustraciones e índice onomástico | ||
| 500 | _aTraducción de : Eyewitnessing. The Uses of Images as Historical Evidence Reaktion Books Ltd, Londres | ||
| 504 | _aBibliografía: p. 259-270 | ||
| 650 | 1 | 4 |
_aMetodología _vFuentes _xHistoria _94018 |
| 650 | 1 | 4 |
_aEventos _xHistoria _94019 |
| 650 | 1 | 4 |
_aCinematografía e historia _94020 |
| 700 | 1 |
_aLozoya, Teófilo de _94021 |
|
| 942 |
_2lcc _cB |
||
| 999 |
_c1096 _d1096 |
||